000 00456nam a2200181 a 4500
001 3629
005 20180713183539.0
008 140415s1973 mx 000 0 spa d
041 _aspa
082 _a972.05
_bFUE
100 1 _aFUENTES MARES, JOSE
245 1 0 _aJUAREZ Y LA REPUBLICA
250 _a2A ED.
260 _aMEXICO :
_bJUS,
_c1973
300 _a188
490 _aMEXICO HEROICO
_v45
650 1 4 _aMEXICO
_xHISTORIA
_x1867
_x1910
999 _c3629
_d3629